PALLADIO CITTA IDEALE – AZ IDEÁLIS RENESZÁNSZ VÁROS

Bibliográfiai részletek
Szerző: Farkas Julianna
Dokumentumtípus: Cikk
Megjelent: Budapesti Gazdasági Egyetem 2023
Sorozat:Multidiszciplináris Kihívások, Sokszínű Válaszok 2023 No. 1 különkiadás
Tárgyszavak:
mtmt:https://doi.org/10.33565/MKSV.2023.KSZ.01.01
Kulcsszavak:Reneszánsz
Építészet
Antikvitás
Palladio
Online Access:http://publikaciotar.uni-bge.hu/2526

MARC

LEADER 00000nab a2200000 i 4500
001 publ2526
005 20260306114457.0
008 260306s2023 hu o 000 zxx d
022 |a 2630-886X 
024 |a https://doi.org/10.33565/MKSV.2023.KSZ.01.01  |2 doi 
040 |a BGE Publikációtár Repozitórium  |b hun 
100 1 |a Farkas Julianna 
245 1 0 |a PALLADIO  |b CITTA IDEALE – AZ IDEÁLIS RENESZÁNSZ VÁROS  |c Farkas Julianna  |h [elektronikus dokumentum] 
260 |a Budapesti Gazdasági Egyetem  |c 2023 
300 |a 7-38 
490 0 |a Multidiszciplináris Kihívások, Sokszínű Válaszok  |v 2023 No. 1 különkiadás 
520 3 |a Tanulmányom fókuszában alapvetően nem az építészeti megoldások állnak, bár a témából adódóan természetesen ezekre is kitértem, sokkal inkább arra voltam kíváncsi, hogy milyen eszmények, értékrendszerek, kulturális hatások álltak ezen építészeti eszközök alkalmazásának hátterében. Írásomban a következő kérdésekre kerestem a választ: Mit jelent az ideális város a reneszánszban, mit jelent Palladio műveiben? Milyen szemlélet áll mindennek a hátterében és miben tükröződik ez vissza? Honnan merítette Palladio az építészeti eszményeit, miért érdeklődtek a művei iránt oly intenzíven a későbbi történelmi korszakokban is? A téma megértéséhez megvizsgáltam az érett reneszánsz korszakának szellemi, kulturális, városépítészeti sajátosságait, áttekintettem azokat a hatásrendszereket, amelyek Palladio gondolkodására és művészi kifejezésmódjára meghatározók voltak. Elsősorban az ókori építész és teoretikus, Vitruvius elméleti munkáját tanulmányoztam, hiszen alapmű volt általában véve a reneszánsz építészek, így Palladio számára is. Ezek után a reneszánsz alkotó, Leon Battista Alberti munkásságát és összefoglaló építészeti művét mutattam be, hiszen Palladióra nagy valószínűséggel ő volt a legnagyobb hatással. A reneszánsz ideális város egy megvalósult példája volt Bernardo Rossellino városépítő műve, aki II. Pius pápától kapta a megbízatást egy tökéletes város felépítésére, amely a pápa nevét kapta, s így lett Pienza.Palladiónak először a teoretikus munkásságáról írtam, majd az általa elképzelt ideális várost, Vicenzát mutattam be, az általa épített, legfontosabb épületek elemzésével. Végül Palladio hatására hívtam fel a figyelmet, vagyis a palladianizmus jelenségére Európában és Észak-Amerikában. Célom, a szakirodalmi elemzés és saját tapasztalataim alapján az egyes korszakokon átívelő eszmék művészi kifejezésének vizsgálata volt, egy konkrét művész, Palladio tevékenységén keresztül 
650 4 |a építomuvészet 
695 |a Reneszánsz 
695 |a Építészet 
695 |a Antikvitás 
695 |a Palladio 
856 4 0 |u https://publikaciotar.uni-bge.hu/id/eprint/2526/1/9777-Cikk%20sz%C3%B6veg-51416-2-10-20230718.pdf  |z Dokumentum-elérés